Loading...
| Current Events | 1 | 20.00 | 100% | 100% | 0% |
| Fine Arts - Auditory Fine Arts | 2 | 5.00 | 50% | 0% | 0% |
| Fine Arts - Other Fine Arts | 5 | 8.00 | 60% | 20% | 0% |
| Fine Arts - Visual Fine Arts | 4 | 10.00 | 100% | 0% | 0% |
| Geography | 1 | 20.00 | 100% | 100% | 0% |
| History - American History | 4 | 15.00 | 100% | 50% | 0% |
| History - European History | 4 | 15.00 | 100% | 50% | 0% |
| History - Other History | 5 | 12.00 | 100% | 20% | 0% |
| History - World History | 7 | 11.43 | 100% | 14% | 0% |
| Literature - American Literature | 4 | 10.00 | 100% | 0% | 0% |
| Literature - British Literature | 3 | 10.00 | 100% | 0% | 0% |
| Literature - European Literature | 3 | 13.33 | 100% | 33% | 0% |
| Literature - World Literature | 5 | 10.00 | 100% | 0% | 0% |
| Mythology | 4 | 20.00 | 100% | 75% | 25% |
| Other Academic | 1 | 10.00 | 100% | 0% | 0% |
| Philosophy | 5 | 16.00 | 100% | 60% | 0% |
| Pop Culture | 1 | 20.00 | 100% | 100% | 0% |
| Popular Culture | 1 | 20.00 | 100% | 0% | 100% |
| Religion | 5 | 18.00 | 100% | 60% | 20% |
| Science - Biology | 2 | 10.00 | 100% | 0% | 0% |
| Science - Chemistry | 2 | 5.00 | 50% | 0% | 0% |
| Science - Other Science | 3 | 10.00 | 100% | 0% | 0% |
| Science - Physics | 2 | 10.00 | 100% | 0% | 0% |
| Social Science | 4 | 10.00 | 100% | 0% | 0% |